00557nam a2200193Ia 450000500170000000800410001702000170005804000190007504100120009408200150010624500420012126000410016330000130020465000100021785000100022794200070023799900170024495201020026120240803100036.0131103s9999 xx 000 0 und d aSBN195620410 aLoreto College aEnglish a915.4bSOC 2aA Social and edconomic atlas of India aDelhibOxford University Pressc1987 ax,254p.  aAtlas aLCLIB cBK c23123d73602 00102ddc4070aMAINbMAINd2013-11-04l0o915.4 SOC 33020pB25723r2013-11-04w2013-11-04yBKf